[Event "WYCC 2018 O16"]
[Site "Halkidiki"]
[Date "2018.10.30"]
[Round "11"]
[White "Gabizon, Eyal"]
[Black "Wachinger, Nikolas"]
[Result "1-0"]
[WhiteElo "2205"]
[BlackElo "2360"]
[Annotator "TA"]
[PlyCount "77"]
[EventDate "2018.10.20"]
[EventType "swiss"]
[EventCountry "GRE"]
[SourceTitle "playchess.com"]
[Source "ChessBase"]
[SourceQuality "1"]

{[%evp 22,77,21,40,34,5,58,57,46,24,83,83,83,83,84,84,122,84,84,84,84,84,79,60,81,84,111,98,110,115,116,125,151,94,195,184,186,192,183,182,433,425,395,416,855,840,1032,1023,1384,1305,1266,1261,1218,1141,29982,29983,29983,29984]} 1. d4 Nf6 2. c4 g6 3. Nc3 Bg7 4. e4 d6 5. Nf3 O-O 6. Be2 e5 7. d5 a5 8. O-O Na6 9. Bg5 h6 10. Be3 {E92: King's Indian: Classical: 6 Be2 e5: 7 dxe5, 7 Be3 and Petrosian System without 7...Nbd7} Ng4 11. Bd2 f5 12. exf5 {LiveBook: 3 Games. The position is equal.} gxf5 13. g3 Nc5 ({Black should play} 13... f4 $11) (13... e4 14. Nh4 Ne5 15. Ng2 Nc5 16. Nf4 Kh7 17. Qc2 Bd7 {0-1 (119) Golod,V (2573)-Cheparinov,I (2681) Yerevan 2014}) 14. Nh4 $14 b6 $146 ({Predecessor:} 14... Nf6 15. Qc2 Nfe4 16. Nxe4 Nxe4 17. Be3 {½-½ (24) Bischoff,K (2520)-Stanec,N (2490) Austria 1996}) 15. Nxf5 (15. f4 {is interesting.} exf4 16. Rxf4 Ne5 17. Rf1 Bd7 18. Qc2) 15... Nxf2 (15... Nxh2 $11 {remains equal.} 16. Nxh6+ Bxh6 17. Kxh2 Qd7) 16. Nxh6+ $16 Bxh6 17. Rxf2 Rxf2 18. Kxf2 Qf6+ 19. Kg1 Bh3 {[#] Hoping for ...Rf8.} 20. Bxh6 Qxh6 21. Qc1 Qg6 22. Bf1 Bf5 23. Qe3 Kg7 24. Re1 Rh8 25. Bg2 Qh5 26. h4 Qg4 27. b3 (27. Nb5 $142) 27... Bd3 (27... Rf8 $16) 28. Nb5 $18 Rc8 29. Kh2 Bf5 30. Rf1 Bd7 $2 (30... Na6 {was called for.} 31. Nxd6 cxd6) 31. Qf2 {And now Qf7+ would win.} Qg6 {[#]} 32. Nxc7 $1 {[%mdl 512]} Nd3 (32... Kh8 $142 33. Ne6 Nxe6 34. dxe6 Bxe6 35. Qxb6 Rg8) (32... Rxc7 33. Qf8+) 33. Qxb6 Kh8 34. Ne6 Bxe6 35. dxe6 Rg8 36. Qe3 Nf4 37. e7 Nh5 38. Rf8 Nf6 39. Qg5 {Precision: White = 73%, Black = 31%.} 1-0

[Event "WYCC 2018 O16"]
[Site "Halkidiki"]
[Date "2018.10.30"]
[Round "11"]
[White "Vatsal Singhania"]
[Black "Peng, Hongchi"]
[Result "1/2-1/2"]
[WhiteElo "2128"]
[BlackElo "2273"]
[Annotator "NA"]
[PlyCount "183"]
[EventDate "2018.10.20"]
[EventType "swiss"]
[EventCountry "GRE"]
[SourceTitle "playchess.com"]
[Source "ChessBase"]
[SourceQuality "1"]
[TimeControl "40/5400+30:1800+30"]

1. Nf3 {[%emt 0:00:00]} Nf6 {[%emt 0:00:00]} 2. g3 {[%emt 0:00:00]} g6 {[%emt 0:00:00]} 3. Bg2 {[%emt 0:00:00]} Bg7 {[%emt 0:00:00]} 4. O-O {[%emt 0:00:00]} O-O {[%emt 0:00:00]} 5. d4 {[%emt 0:00:02]} d6 {[%emt 0:00:00]} 6. b3 {[%emt 0:00:07]} e5 {[%emt 0:00:00]} 7. Bb2 {[%emt 0:01:32] A49: 1 d4 Nf6 2 Nf3 g6 3 g3: Anti-King's Indian systems} Re8 {[%emt 0:00:14]} 8. dxe5 {[%emt 0:00:48]} Ng4 {[%emt 0:00:09]} 9. Nbd2 {[%emt 0:01:59]} Nc6 {[%emt 0:00:34]} 10. Nc4 $146 {[%emt 0:13:42]} ({Predecessor:} 10. Qc1 dxe5 11. h3 e4 12. Bxg7 Kxg7 13. hxg4 exf3 14. Bxf3 Ne5 15. Ne4 Bxg4 16. Qb2 Bf5 17. Kg2 {0-1 (47) Ginzburg,Y (2406)-Tseshkovsky,V (2564) Irkutsk 2010}) 10... d5 {[%emt 0:00:04]} 11. Ne3 {[%emt 0:03:22]} Nxe3 {[%emt 0:00:41]} 12. fxe3 {[%emt 0:00:05]} Bg4 {[%emt 0:00:58]} 13. Kh1 {[%emt 0:03:01]} Bxf3 {[%emt 0:02:35]} 14. exf3 {[%emt 0:02:57]} Bxe5 {[%emt 0:00:50]} 15. Bxe5 {[%emt 0:00:29]} Rxe5 {[%emt 0:00:02]} 16. Qd2 {[%emt 0:05:44]} Qe7 {[%emt 0:04:29]} 17. Rae1 {[%emt 0:00:07]} Re8 {[%emt 0:05:44]} 18. f4 {[%emt 0:00:55]} Rxe3 {[%emt 0:00:04]} 19. Rxe3 {[%emt 0:00:04]} Qxe3 {[%emt 0:00:01]} 20. Qxe3 {[%emt 0:00:06]} Rxe3 {[%emt 0:00:02]} 21. Bxd5 {[%emt 0:00:06]} Nb4 {[%emt 0:01:18]} 22. Bxb7 {[%emt 0:00:13]} Re2 {[%emt 0:00:02]} 23. Kg1 {[%emt 0:05:56]} Rxc2 {[%emt 0:01:18]} 24. a3 {[%emt 0:00:06]} Nd3 {[%emt 0:00:04]} 25. Be4 {[%emt 0:00:04]} Rd2 {[%emt 0:00:05]} 26. Bxd3 {[%emt 0:01:07]} Rxd3 {[%emt 0:00:01]} 27. b4 {[%emt 0:00:08]} Rc3 {[%emt 0:00:44]} 28. Kg2 {[%emt 0:00:31]} Kf8 {[%emt 0:01:19]} 29. Rf3 {[%emt 0:00:06]} Rc2+ {[%emt 0:00:02]} 30. Rf2 {[%emt 0:00:24]} Rc1 {[%emt 0:00:06]} 31. Re2 {[%emt 0:01:26]} Rc3 {[%emt 0:04:45]} 32. Re5 {[%emt 0:00:07]} Rxa3 {[%emt 0:01:02]} 33. Rc5 {[%emt 0:00:03]} Ke7 {[%emt 0:00:15]} 34. Rxc7+ {[%emt 0:00:05]} Ke6 {[%emt 0:00:07]} 35. h4 {[%emt 0:01:47]} h5 {[%emt 0:00:41]} 36. b5 {[%emt 0:00:25]} f6 {[%emt 0:00:33]} 37. Kh3 {[%emt 0:00:09]} Kf5 {[%emt 0:01:45]} 38. Rc4 {[%emt 0:01:25]} Rd3 {[%emt 0:02:24]} 39. Rc7 {[%emt 0:02:20]} Ra3 {[%emt 0:05:18]} 40. Rc4 {[%emt 0:00:00]} Ra1 {[%emt 0:00:00]} 41. Rb4 {[%emt 0:00:35]} Rh1+ {[%emt 0:02:48]} 42. Kg2 {[%emt 0:00:08]} Rd1 {[%emt 0:00:04]} 43. Kh3 {[%emt 0:00:14]} Rd6 {[%emt 0:00:10]} 44. Ra4 {[%emt 0:00:07]} Rd7 {[%emt 0:00:08]} 45. Ra5 {[%emt 0:00:29]} Ke4 {[%emt 0:01:47]} 46. Ra6 {[%emt 0:00:09]} Kf3 {[%emt 0:01:11]} 47. b6 {[%emt 0:02:50]} axb6 {[%emt 0:00:28]} 48. Rxb6 {[%emt 0:00:03]} Rd1 {[%emt 0:00:54]} 49. Rb3+ {[%emt 0:00:04]} Kf2 {[%emt 0:00:56]} 50. Rb2+ {[%emt 0:01:08]} Ke3 {[%emt 0:03:15]} 51. Rb6 {[%emt 0:01:43]} Kf3 {[%emt 0:00:58]} 52. Rb3+ {[%emt 0:00:03]} Kf2 {[%emt 0:00:44]} 53. Rb2+ {[%emt 0:00:05]} Kg1 {[%emt 0:00:09]} 54. Ra2 {[%emt 0:00:04]} Re1 {[%emt 0:01:56]} 55. Rb2 Kf1 {[%emt 0:02:16]} 56. Ra2 {[%emt 0:00:46]} Re2 {[%emt 0:01:06]} 57. Ra1+ {[%emt 0:00:02]} Kf2 {[%emt 0:00:12]} 58. Rb1 {[%emt 0:00:06]} Kf3 {[%emt 0:01:29]} 59. Rb6 {[%emt 0:01:03]} Kf2 {[%emt 0:00:27]} 60. Rb1 {[%emt 0:00:03]} Re3 {[%emt 0:00:21]} 61. Rb2+ {[%emt 0:00:03]} Kf3 {[%emt 0:00:37]} 62. Rb6 {[%emt 0:00:05]} Kf2 {[%emt 0:01:37]} 63. Rb2+ {[%emt 0:00:03]} Re2 {[%emt 0:00:30]} 64. Rb1 {[%emt 0:01:15]} Ra2 {[%emt 0:00:26]} 65. Rc1 {[%emt 0:00:51]} Ra3 {[%emt 0:00:28]} 66. Rc2+ {[%emt 0:00:06]} Kf3 {[%emt 0:00:06]} 67. Rb2 {[%emt 0:00:10]} Rc3 {[%emt 0:00:36]} 68. Ra2 {[%emt 0:00:05]} Rc1 {[%emt 0:00:31]} 69. Ra3+ {[%emt 0:00:04]} Kf2 {[%emt 0:00:07]} 70. Ra2+ {[%emt 0:00:01]} Kf1 {[%emt 0:00:10]} 71. Rb2 {[%emt 0:00:05]} Kg1 {[%emt 0:00:57]} 72. Ra2 {[%emt 0:00:04]} Rc3 {[%emt 0:00:50]} 73. Rb2 {[%emt 0:00:06]} f5 {[%emt 0:00:22]} 74. Ra2 {[%emt 0:00:04]} Re3 {[%emt 0:00:08]} 75. Rb2 {[%emt 0:00:06]} Kf1 {[%emt 0:00:05]} 76. Ra2 {[%emt 0:00:11]} Re2 {[%emt 0:00:10]} 77. Ra1+ {[%emt 0:00:02]} Kf2 {[%emt 0:00:07]} 78. Ra6 {[%emt 0:00:20]} Rd2 {[%emt 0:00:50]} 79. Ra1 {[%emt 0:00:06]} Re2 {[%emt 0:00:09]} 80. Ra6 {[%emt 0:00:04]} Kf1 {[%emt 0:00:06]} 81. Ra1+ {[%emt 0:00:04]} Re1 {[%emt 0:00:24]} 82. Ra2 {[%emt 0:00:52]} Rb1 {[%emt 0:00:50]} 83. Rc2 {[%emt 0:00:21]} Kg1 {[%emt 0:00:28]} 84. Ra2 {[%emt 0:00:03]} Rb3 {[%emt 0:00:07]} 85. Rc2 {[%emt 0:00:04]} Re3 {[%emt 0:00:08]} 86. Ra2 {[%emt 0:00:04]} Kf1 {[%emt 0:00:05]} 87. Rb2 {[%emt 0:00:02]} Re2 {[%emt 0:00:06]} 88. Rb1+ {[%emt 0:00:02]} Kf2 {[%emt 0:00:03]} 89. Ra1 {[%emt 0:00:03]} Kf3 {[%emt 0:00:13]} 90. Ra3+ {[%emt 0:00:04]} Re3 $11 {[%emt 0:00:04]} 91. Ra6 {[%emt 0:00:10]} Re1 {[%emt 0:00:40]} 92. Ra3+ {[%emt 0:00:02]} 1/2-1/2

[Event "WYCC 2018 O16"]
[Site "Halkidiki"]
[Date "2018.10.30"]
[Round "11"]
[White "Alivodic, Dario"]
[Black "Mis, Mieszko"]
[Result "0-1"]
[WhiteElo "2082"]
[BlackElo "2307"]
[Annotator "TA"]
[PlyCount "124"]
[EventDate "2018.10.20"]
[EventType "swiss"]
[EventCountry "GRE"]
[SourceTitle "playchess.com"]
[Source "ChessBase"]
[SourceQuality "1"]

{[%evp 16,124,31,4,14,-17,-14,-27,-30,-29,-31,-16,-27,-38,-8,-12,1,-48,-20,-110,-125,-137,-129,-573,-569,-573,-555,-568,-563,-571,-567,-559,-554,-529,-460,-397,-385,-375,-390,-368,-370,-902,-545,-1087,-500,-693,-692,-803,-762,-761,-429,-428,-428,-428,-426,-423,-422,-510,-510,-510,-84,-502,-493,-515,-425,-673,-666,-666,-666,-666,-666,-666,-666,-650,-632,-666,-625,-609,-577,-631,-620,-1122,-1096,-1053,-1025,-11681,-29960,-29978,-29979,-29976,-29976,-29984,-29981,-29983,-29984,-29984,-29983,-29986,-29985,-29988,-29981,-29981,-29982,-29981,-29982,-29985,-29986,-29986,-29987,-29988,-29989]} 1. d4 {Romero Holmes} d6 2. c4 e5 3. e3 Nd7 4. Nc3 g6 5. Nf3 Bg7 6. Be2 Ngf6 7. O-O O-O 8. b4 Re8 9. a4 {LiveBook: 28 Games} a5 {E61: King's Indian: Early deviations for White, including Smyslov System} 10. bxa5 Rxa5 11. Nd2 Ra8 {Black has an edge.} 12. Nb3 exd4 13. exd4 {[#]} d5 $146 ({Predecessor:} 13... Ne4 14. Nxe4 Rxe4 15. Bf3 Re8 16. a5 Nf8 17. Be3 {0-1 (44) Rivas Pastor,M (2515)-Adams,M (2655) Leon 1995 CBM 048 [Romero Holmes]}) 14. c5 Nf8 15. a5 Ne6 16. Bb5 Bd7 $36 {[%mdl 2048] Black has the initiative.} 17. Qd3 (17. Bd3 $11) 17... c6 $17 {[%cal Bc7c6,Bc6c5,Bc5c4][%mdl 32]} 18. Ba4 Ne4 19. Na2 $2 {[%mdl 8192] [#]} (19. Be3 $17 {is tougher.}) 19... Nxd4 $1 $19 {[%mdl 512]} 20. Nxd4 Nxc5 21. Qd1 Nxa4 22. Qxa4 c5 23. Qb3 Bxd4 24. Bb2 c4 25. Qxb7 Bxb2 26. Qxb2 Qxa5 27. Nc3 Qc5 28. Qb7 $2 (28. Rxa8 Rxa8 29. Ne2) 28... Bc6 29. Qc7 Rac8 (29... Rxa1 $142 30. Rxa1 d4) 30. Qf4 d4 31. Nb1 c3 32. Rc1 Qe5 33. Qxe5 Rxe5 34. Nxc3 dxc3 35. Rxc3 Rce8 {[#] ( -> ...Re1+)} 36. f4 Re1+ 37. Rxe1 Rxe1+ {[%mdl 4096] Endgame KRB-KR} 38. Kf2 Re6 39. g4 Kg7 40. g5 (40. Rd3 $142) 40... Be4 41. Rc8 Bf5 42. Rb8 Rc6 43. Rb3 Rc2+ 44. Kg3 Rd2 45. Rb4 Rd3+ 46. Kg2 Re3 47. Rb5 Be4+ 48. Kg1 Rf3 49. Rb4 Rxf4 50. h3 h6 51. gxh6+ {Black mates.} Kxh6 52. Kh2 g5 53. Kg3 Rf3+ 54. Kh2 f5 55. Rb6+ Kg7 56. Rb2 Rc3 57. Rb4 Rc2+ 58. Kg1 Rg2+ 59. Kf1 Rg3 60. h4 gxh4 {[%cal Bg5h4,Bh4h3][%mdl 32]} 61. Kf2 Rg2+ 62. Kf1 h3 {Precision: White = 29%, Black = 76%.} 0-1

[Event "WYCC 2018 O16"]
[Site "Halkidiki"]
[Date "2018.10.30"]
[Round "11"]
[White "Carlsson, Ludvig"]
[Black "Lund, Gunnar"]
[Result "1/2-1/2"]
[WhiteElo "2058"]
[BlackElo "2227"]
[Annotator "NA"]
[PlyCount "152"]
[EventDate "2018.10.20"]
[EventType "swiss"]
[EventCountry "GRE"]
[SourceTitle "playchess.com"]
[Source "ChessBase"]
[SourceQuality "1"]
[TimeControl "40/5400+30:1800+30"]

1. Nf3 {[%emt 0:00:00]} Nf6 {[%emt 0:00:00]} 2. c4 {[%emt 0:00:00]} e6 {[%emt 0:00:00]} 3. g3 {[%emt 0:00:00]} d5 {[%emt 0:00:00]} 4. d4 {[%emt 0:00:05]} Be7 {[%emt 0:00:01]} 5. Bg2 {[%emt 0:00:07]} O-O {[%emt 0:00:07]} 6. O-O {[%emt 0:00:08]} dxc4 {[%emt 0:00:04]} 7. Qc2 {[%emt 0:00:14]} a6 {[%emt 0:00:06]} 8. Qxc4 {[%emt 0:00:07]} b5 {[%emt 0:00:05]} 9. Qc2 {[%emt 0:00:07]} Bb7 {[%emt 0:00:06]} 10. Bg5 {[%emt 0:00:07]} Nbd7 {[%emt 0:04:27]} 11. Nbd2 {[%emt 0:00:12]} Rc8 {[%emt 0:00:54]} 12. Bxf6 {[%emt 0:00:28]} Nxf6 {[%emt 0:00:31]} 13. Nb3 {[%emt 0:00:13]} Be4 {[%emt 0:13:16]} 14. Qc1 {[%emt 0:05:24]} c5 {[%emt 0:10:48]} 15. dxc5 {[%emt 0:00:09] E05: Open Catalan: 5 Nf3 Be7} Qc7 {[%emt 0:01:01] LiveBook: 23 Games} 16. Qf4 {[%emt 0:00:10] [#]} (16. Rd1 a5 17. c6 Bxc6 18. Nfd4 Bxg2 19. Qxc7 Rxc7 20. Kxg2 a4 21. Nxb5 Rb7 22. N3d4 Bc5 {½-½ (45) Harikrishna,P (2755)-So,W (2822) Shamkir 2017}) 16... Bxc5 $146 {[%emt 0:05:15]} ({Predecessor:} 16... Qxf4 17. gxf4 Bxc5 18. Ne5 Bd6 19. Bxe4 Nxe4 20. Rfc1 g5 21. f3 Nf6 22. Nc6 gxf4 {0-1 (69) Orlinkov,M (2399)-Tunik,G (2503) St Petersburg 2002}) 17. Nxc5 {[%emt 0:02:56]} Qxc5 {[%emt 0:05:25]} 18. Rac1 {[%emt 0:00:36]} Qd5 {[%emt 0:00:58]} 19. Rxc8 {[%emt 0:02:06]} Rxc8 {[%emt 0:00:08]} 20. Rc1 {[%emt 0:00:05]} Rd8 {[%emt 0:03:13]} 21. Qc7 {[%emt 0:04:45]} h6 {[%emt 0:02:28]} 22. Ne5 {[%emt 0:06:55]} Rf8 {[%emt 0:05:16]} 23. Bh3 {[%emt 0:00:44]} Bf5 {[%emt 0:14:16]} 24. Bxf5 {[%emt 0:00:17]} exf5 {[%emt 0:00:02]} 25. b3 {[%emt 0:02:29]} Qe4 {[%emt 0:01:37]} 26. e3 {[%emt 0:01:53]} Nd5 {[%emt 0:02:55]} 27. Qd6 {[%emt 0:02:35]} Nxe3 {[%emt 0:00:57]} 28. f3 {[%emt 0:00:06]} Qa8 {[%emt 0:02:52]} 29. Nc6 {[%emt 0:05:49]} Kh8 {[%emt 0:07:30]} 30. Kf2 {[%emt 0:03:32]} Re8 {[%emt 0:06:09]} (30... f4 $11) 31. Nd4 {[%emt 0:09:17]} (31. Qd7 $16) 31... Rd8 {[%emt 0:04:21]} 32. Qe5 {[%emt 0:01:01]} Re8 {[%emt 0:02:15]} 33. Qc5 {[%emt 0:02:12]} f4 {[%emt 0:00:59]} 34. gxf4 {[%emt 0:00:54]} Nd5 {[%emt 0:00:49]} 35. Kg3 {[%emt 0:01:00]} Nf6 {[%emt 0:01:58]} 36. Qc6 {[%emt 0:01:14]} Qb8 {[%emt 0:00:57]} 37. Qc7 {[%emt 0:00:16]} Qa8 {[%emt 0:00:39]} 38. Qxf7 {[%emt 0:00:46]} Rf8 {[%emt 0:00:00]} 39. Qg6 {[%emt 0:00:12]} Qd5 {[%emt 0:04:04]} 40. Nf5 {[%emt 0:00:00]} Nh5+ {[%emt 0:00:00]} 41. Qxh5 {[%emt 0:02:51]} Rxf5 {[%emt 0:02:39]} 42. Qg6 {[%emt 0:00:49]} Rf8 {[%emt 0:01:01]} 43. Qe4 {[%emt 0:13:06]} Qd2 {[%emt 0:04:50]} 44. Rc2 {[%emt 0:00:08]} Qd1 {[%emt 0:00:29]} 45. Kh3 {[%emt 0:00:08]} Qd7+ {[%emt 0:00:09]} 46. Kg3 {[%emt 0:00:41]} Qd1 {[%emt 0:00:53]} 47. Rg2 {[%emt 0:00:50]} Qd7 {[%emt 0:00:29]} 48. Re2 {[%emt 0:00:32]} Qf7 {[%emt 0:00:45]} 49. Rd2 {[%emt 0:01:18]} Re8 {[%emt 0:00:39]} 50. Qd5 {[%emt 0:00:51]} Qg6+ {[%emt 0:00:09]} 51. Kf2 {[%emt 0:04:59]} Qf6 {[%emt 0:01:52]} 52. Qd4 {[%emt 0:03:00]} Qh4+ {[%emt 0:00:14]} 53. Kg2 {[%emt 0:00:06]} Rf8 {[%emt 0:00:54]} 54. Re2 {[%emt 0:00:07]} Rf6 {[%emt 0:03:36]} 55. Re4 {[%emt 0:03:01]} Rg6+ {[%emt 0:00:11]} 56. Kh1 {[%emt 0:00:07]} Qh3 {[%emt 0:00:52]} 57. Qf2 {[%emt 0:00:06]} Rc6 {[%emt 0:01:35]} 58. Re1 {[%emt 0:00:49]} Rc3 {[%emt 0:01:23]} 59. Qg2 {[%emt 0:02:46]} Qxf3 {[%emt 0:01:18]} 60. Qxf3 {[%emt 0:00:07]} Rxf3 {[%emt 0:00:05]} 61. Re6 {[%emt 0:00:03]} Rxf4 {[%emt 0:00:30]} 62. Rxa6 {[%emt 0:00:06]} Rf2 {[%emt 0:00:05]} 63. Kg1 {[%emt 0:02:12]} Rb2 {[%emt 0:00:18]} 64. Rb6 {[%emt 0:00:12]} Rxa2 {[%emt 0:00:10]} 65. Rxb5 {[%emt 0:00:04]} Rb2 {[%emt 0:00:06]} 66. Rb6 {[%emt 0:00:28]} Kh7 {[%emt 0:00:08]} 67. b4 {[%emt 0:00:33]} h5 {[%emt 0:00:04]} 68. Rb5 {[%emt 0:00:14]} Kh6 {[%emt 0:00:13]} 69. Rb7 {[%emt 0:00:29]} h4 {[%emt 0:00:20]} 70. b5 {[%emt 0:00:26]} h3 {[%emt 0:00:12]} 71. Rb6+ {[%emt 0:00:53]} Kh7 {[%emt 0:00:11]} 72. Rb8 {[%emt 0:00:16]} Rg2+ {[%emt 0:00:02]} 73. Kh1 {[%emt 0:00:11]} Rb2 {[%emt 0:00:01]} 74. Kg1 {[%emt 0:01:26]} Rg2+ {[%emt 0:00:30]} 75. Kh1 {[%emt 0:00:04]} Rf2 {[%emt 0:01:09]} 76. Kg1 {[%emt 0:00:08]} Rg2+ $11 {[%emt 0:00:20]} 1/2-1/2

[Event "WYCC 2018 O16"]
[Site "Halkidiki"]
[Date "2018.10.30"]
[Round "11"]
[White "Rodriguez Izquierdo, Luis"]
[Black "Kozak, Adam"]
[Result "0-1"]
[WhiteElo "2038"]
[BlackElo "2445"]
[Annotator "TA"]
[PlyCount "64"]
[EventDate "2018.10.20"]
[EventType "swiss"]
[EventCountry "GRE"]
[SourceTitle "playchess.com"]
[Source "ChessBase"]
[SourceQuality "1"]

{[%evp 21,64,0,2,0,9,-4,28,25,42,27,57,38,142,144,144,135,129,129,127,127,107,-71,0,0,6,-42,-52,-47,-49,-46,-49,-27,-5,-205,-107,-104,-95,-202,-203,-192,-192,-467,-482,-760,-752]} 1. e4 e5 2. Nf3 Nc6 3. Bc4 Bc5 4. O-O Nf6 5. d3 d6 6. c3 h6 7. b4 Bb6 8. a4 a5 {C54: Giuoco Piano: 4 c3 Nf6, main lines with 5 d4 and 5 d3} 9. b5 Ne7 10. Re1 (10. Nbd2 O-O 11. Re1 Ng6 12. Bb3 Re8 13. Nc4 Bc5 14. h3 c6 15. Bd2 Be6 16. bxc6 bxc6 {½-½ (31) Nakamura,H (2793)-Xiong,J (2674) Saint Louis 2017}) 10... O-O 11. h3 Ng6 {LiveBook: 6 Games} 12. Nbd2 c6 13. d4 $146 ({Predecessor:} 13. bxc6 bxc6 14. d4 exd4 15. cxd4 d5 16. Bf1 Nxe4 17. Nxe4 dxe4 18. Rxe4 {½-½ (33) Eggleston,D (2397)-Tan,J (2481) Hull 2018}) 13... Qc7 14. Ba3 {Black must now prevent dxe5.} Rd8 15. Rc1 d5 16. Bd3 dxe4 (16... exd4 $14 17. cxd4 Nf4) 17. Nxe4 $16 Nxe4 18. Bxe4 {Threatens to win with bxc6.} f5 19. Bb1 {aiming for Qb3+.} e4 20. Ba2+ Kh8 {[#]} 21. Nd2 $2 (21. Ng5 $1 $16 {[%mdl 512] is necessary to keep the advantage.}) 21... cxb5 (21... Qf4 $17) 22. axb5 $11 Nf4 23. Bc4 Ba7 24. Bf1 $1 Be6 25. g3 Nd5 $36 {[%mdl 2048] Black is more active.} 26. Nc4 Rac8 {Strongly threatening ...Nxc3!} 27. Qa4 $2 {[#]} (27. Bb2 $11) 27... Nb6 (27... f4 $1 $19 {[%cal Rf4g3]} 28. Qxa5 b6) 28. Nxb6 $17 Bxb6 29. Bc5 (29. Qd1 $17) 29... Bxc5 $19 30. dxc5 Qxc5 31. Qxa5 $2 (31. c4 {was necessary.}) 31... Rd2 32. Re3 (32. Re2 $142 Rd3 33. Rec2 Rxg3+ 34. Kh1) 32... Ra2 {Precision: White = 36%, Black = 41%.} 0-1

[Event "WYCC 2018 O16"]
[Site "Halkidiki"]
[Date "2018.10.30"]
[Round "11"]
[White "Triantos, Konstantinos"]
[Black "Olsen, Filip Boe"]
[Result "1/2-1/2"]
[WhiteElo "2002"]
[BlackElo "2335"]
[Annotator "TA"]
[PlyCount "115"]
[EventDate "2018.10.20"]
[EventType "swiss"]
[EventCountry "GRE"]
[SourceTitle "playchess.com"]
[Source "ChessBase"]
[SourceQuality "1"]

{[%evp 16,115,-20,-23,0,0,-24,-35,-41,-38,-21,0,-16,-22,29,25,33,31,30,5,30,36,39,24,24,19,36,26,43,1,8,0,8,19,39,33,27,7,53,44,102,67,120,119,113,0,0,0,2,7,0,0,0,0,0,-18,-14,-18,-18,-16,0,-7,0,-28,0,0,0,0,0,0,0,0,0,0,0,0,0,0,0,0,0,0,0,0,0,0,0,0,0,0,0,0,0,0,0,0,0,0,0,0,0,0]} 1. e4 {[%cal Be2e4,Be4e5][%mdl 32]} c6 2. d4 d5 3. e5 Bf5 4. g4 Be4 5. f3 Bg6 6. e6 {B12: Caro-Kann: Advance Variation} (6. h4 h5 7. e6 Qd6 8. exf7+ Bxf7 9. Be3 hxg4 10. fxg4 Nf6 11. Nc3 Qe6 12. Kd2 Nxg4 13. Bg5 Nf2 14. Qf3 Nxh1 15. Qxh1 Qd6 16. Bh3 e6 {0-1 (30) Vallejo Pons,F (2717)-So,W (2810) Tbilisi 2017}) 6... Qd6 7. exf7+ Bxf7 8. Nh3 Nd7 9. Qe2 {LiveBook: 3 Games} h6 $146 ({Predecessor:} 9... O-O-O 10. Bf4 Qf6 11. Qe3 Re8 12. Be5 Nxe5 13. dxe5 Qh6 {1-0 (47) Najer,E (2706)-Belozerov,A (2512) Sochi 2017}) 10. Bf4 Qf6 11. Qe3 g5 12. Bg3 $1 Bg7 13. c3 c5 14. dxc5 Qc6 (14... d4 $142 15. Qxd4 Qxd4 16. cxd4 Bxd4) 15. Na3 $36 {[%cal Bb1a3,Ba3c2,Bc2e3][%mdl 2080] White has some pressure.} a6 16. Nc2 Qxc5 17. Bd3 Qxe3+ 18. Nxe3 e6 19. f4 gxf4 20. Nxf4 Ne7 21. O-O O-O 22. Bh4 Nc6 23. g5 hxg5 24. Bxg5 d4 25. Ng4 dxc3 {[#] Strongly threatening ...e5.} 26. bxc3 {And now Nh6+ would win.} Nc5 27. Bc2 Bxc3 (27... e5 $14 28. Ng6 Bxg6 29. Bxg6 Ne6) 28. Rac1 Bd4+ (28... Bb2 $1 $14) 29. Kh1 $16 Be8 {[#]} 30. Ng6 (30. Bh6 $1 $16) 30... Rxf1+ $11 31. Rxf1 Bxg6 32. Bxg6 {Rf7 would kill now.} Ne5 33. Bf6 Nxg6 34. Bxd4 Nd7 35. Nh6+ Kh7 36. Rf7+ Kxh6 37. Rxd7 {[%mdl 4096] Endgame KRB-KRN} Kg5 38. Rxb7 Kf5 39. Kg2 Rd8 40. Be3 {The position is equal.} Ne5 41. Rb4 Rg8+ 42. Kf1 Ng4 43. Rf4+ Ke5 44. Ke2 Nxh2 45. Ra4 Rg2+ 46. Kd3 Ng4 {White must now prevent ...Rg3.} 47. Ra5+ Kf6 {Hoping for ...Rg3.} 48. Ke4 Re2 49. Kf3 Rxe3+ 50. Kxg4 {KR-KR} Re1 51. Kf3 $1 e5 {[%cal Be6e5,Be5e4][%mdl 32]} 52. Rxa6+ Kf5 53. Ra8 e4+ 54. Kf2 Ra1 55. Rf8+ Ke5 56. Re8+ $1 Kf5 57. Rf8+ Ke5 58. Re8+ {Precision: White = 61%, Black = 57%.} 1/2-1/2

[Event "WYCC 2018 O16"]
[Site "Halkidiki"]
[Date "2018.10.30"]
[Round "11"]
[White "Kim, Yunseo"]
[Black "Ongut, Tamas Gunes"]
[Result "1/2-1/2"]
[WhiteElo "1995"]
[BlackElo "2185"]
[Annotator "NA"]
[PlyCount "68"]
[EventDate "2018.10.20"]
[EventType "swiss"]
[EventCountry "GRE"]
[SourceTitle "playchess.com"]
[Source "ChessBase"]
[SourceQuality "1"]
[TimeControl "40/5400+30:1800+30"]

1. e4 {[%emt 0:00:00]} e5 {[%emt 0:00:00]} 2. Nf3 {[%emt 0:00:00]} Nc6 {[%emt 0:00:00]} 3. Bb5 {[%emt 0:00:00]} a6 {[%emt 0:00:06]} 4. Ba4 {[%emt 0:00:07]} Nf6 {[%emt 0:00:24]} 5. O-O {[%emt 0:00:09]} Be7 {[%emt 0:02:51]} 6. Re1 {[%emt 0:00:19]} b5 {[%emt 0:00:08]} 7. Bb3 {[%emt 0:00:05]} O-O {[%emt 0:02:20]} 8. c3 {[%emt 0:00:43]} d6 {[%emt 0:02:08]} 9. h3 {[%emt 0:00:21]} Bb7 {[%emt 0:00:33]} 10. d4 {[%emt 0:00:31]} Nd7 {[%emt 0:01:30]} 11. Nbd2 {[%emt 0:01:33]} exd4 {[%emt 0:01:48]} 12. cxd4 {[%emt 0:00:08]} Bf6 {[%emt 0:00:14]} 13. Nf1 {[%emt 0:01:45]} Na5 {[%emt 0:02:07]} 14. Bc2 {[%emt 0:00:15]} c5 {[%emt 0:00:06]} 15. d5 {[%emt 0:02:00]} Re8 {[%emt 0:00:10]} 16. Ne3 {[%emt 0:07:32]} Ne5 {[%emt 0:05:08]} 17. Nh2 {[%emt 0:13:08]} Nac4 {[%emt 0:01:40]} 18. Rb1 {[%emt 0:03:41]} Nxe3 $11 {[%emt 0:03:31]} 19. Bxe3 {[%emt 0:01:26]} Bc8 {[%emt 0:07:34]} 20. b3 {[%emt 0:04:46]} g6 {[%emt 0:14:01]} 21. f4 {[%emt 0:04:21]} Nd7 {[%emt 0:00:01]} 22. Nf3 {[%emt 0:02:07]} a5 {[%emt 0:01:53]} 23. Bf2 {[%emt 0:03:32]} Bg7 {[%emt 0:08:05]} 24. Bg3 {[%emt 0:06:15]} f6 {[%emt 0:08:10]} 25. Bd3 {[%emt 0:07:44]} Qb6 {[%emt 0:00:21]} 26. Kh1 {[%emt 0:01:15]} Bb7 {[%emt 0:02:00]} 27. a4 {[%emt 0:05:03]} c4 {[%emt 0:01:18]} 28. bxc4 {[%emt 0:01:23]} b4 {[%emt 0:00:02]} 29. Qc2 {[%emt 0:11:27]} Ba6 {[%emt 0:03:14]} 30. Bf2 {[%emt 0:00:42]} Qc7 {[%emt 0:00:55]} 31. Nd4 {[%emt 0:05:19]} Nc5 {[%emt 0:00:25]} 32. Nb5 {[%emt 0:01:45]} Bxb5 {[%emt 0:05:40]} 33. cxb5 {[%emt 0:00:08]} Rac8 {[%emt 0:00:07]} 34. Bxc5 {[%emt 0:01:00]} dxc5 {[%emt 0:00:24]} 1/2-1/2